000 00539nam a2200193Ia 4500
005 20250326142837.0
008 250326s9999 xx 000 0 und d
020 _a0-13-084084-X
037 _aTextbook
040 _aFMSL
_beng
_cFMSL
041 _aeng
_2eng
084 _aX:51 N9
_qFMSL
100 _aRoberts M L
_9746715
245 0 _aDirect marketing management
_cRoberts M L; Berger P D
260 _aNew Delhi
_bNew Delhi, Prentice Hall
_c1999
300 _a447p
942 _cTB
_hX:51 N9
999 _c1296900
_d1296900